000 00663nam a2200241Ia 4500
003 OSt
005 20221005132655.0
006 a|||||r|||| 00| 0
007 ta
008 221004b |||||||| |||| 00| 0 eng d
024 _a51626
037 _cTextual
040 _aCRL
_cCRL
_beng
041 _2eng
_aeng
082 _aT4r3, J3
110 _aGREAT BRITAIN University grants committee
_9356678
245 0 _aUniversities development
_b Report on the years 1947 to 1952
260 _c1953
650 _aEDUCATION
700 _aGREAT BRITAIN University grants committee
_9356680
942 _hT4r3, J3
_cTEXL
_2cc
999 _c1064466
_d1064466